000
00291cam a2200133ua 4500
999
_c
11325
_d
11325
003
OSt
008
180820b ||||| |||| 00| 0 eng d
082
_a
690
_b
RAN/BU
100
_a
Rangwala, S C .
_9
3263
245
_a
Building Construction
250
_a
11 /
300
_a
750
942
_c
BK